| 000 | 01109nam0a2200325 4500 | ||
|---|---|---|---|
| 001 | RU\NLR\BIBL_A\011368409 | ||
| 005 | 20240922004502.0 | ||
| 010 |
_a9785915562843 _9300 |
||
| 021 |
_aRU _b2017-18832 _91389 |
||
| 035 | _a(RuMoRGB)008825654 | ||
| 035 | _a(NLR Aleph) 011368409 | ||
| 090 |
_a11336839 _c11336839 |
||
| 100 | _a20170414d2016 u y0rusy50 ca | ||
| 101 | 0 | _arus | |
| 102 | _aRU | ||
| 105 | _a z 000g | ||
| 200 | 1 |
_aБетонная тайга _e[стихотворения] _fДмитрий Гусев _g[иллюстрации - Дмитрий Шуров] |
|
| 210 |
_aБарнаул _cКолмогоров И. А _cПодснежник _d2016 |
||
| 215 |
_a85 с. _cил. _d18 |
||
| 300 | _aНа обл. авт.: Дима Гусев | ||
| 333 | _a18+ | ||
| 686 |
_aШ5(2=Р)64-653 _2rubbk |
||
| 686 | 2 | _aШ6(2=Р)8-5 | |
| 700 | 1 |
_7ca _8rus _aГусев _bД. _cпоэт _f1986- _gДмитрий _9172911 _3RU\NLR\AUTH\770172962 |
|
| 702 | 1 |
_aШуров _bД. _gДмитрий _4040 |
|
| 942 | _cBOOK | ||
| 980 | _aNBR | ||